000 00832cab a2200193 4500
001 ABS42102
008 090401t xxu||||| |||| 00| 0 eng d
035 _a(Sirsi) u34726
041 _aeng
100 _aWilliams, C.
245 _aStructural vibrations : part 1 - basic theory and testing
350 _a0
490 _aStructural Survey
_v8(3) Winter 89/90, 280-291(12)
520 _aBasic introduction for surveyors outlines the nature of vibrations in buildings. Contains some graphs and illustrations of how vibration effects buildings and people in them. Also looks at some of the factors to be taken into account in the measurement and analysis of vibration.
650 _aBUILT ENVIRONMENT-BUILDING SURVEYING-STRUCTURAL SURVEYING
690 _aBUILT ENVIRONMENT-CONSTRUCTION DESIGN
942 _n0
948 _c04/03/1997
999 _c22948
_d22948